<?xml version="1.0" encoding="UTF-8"?>
<record
    xmlns:xsi="http://www.w3.org/2001/XMLSchema-instance"
    xsi:schemaLocation="http://www.loc.gov/MARC21/slim http://www.loc.gov/standards/marcxml/schema/MARC21slim.xsd"
    xmlns="http://www.loc.gov/MARC21/slim">

  <leader>01623nam a22001577a 4500</leader>
  <datafield tag="999" ind1=" " ind2=" ">
    <subfield code="c">523901</subfield>
    <subfield code="d">523901</subfield>
  </datafield>
  <controlfield tag="008">231013b           ||||| |||| 00| 0 eng d</controlfield>
  <datafield tag="100" ind1=" " ind2=" ">
    <subfield code="a">Lata, Kusum and Bhatt, Saurabh </subfield>
    <subfield code="9">44119</subfield>
  </datafield>
  <datafield tag="245" ind1=" " ind2=" ">
    <subfield code="a">Towards sustainable policies: Harnessing the potential of strategic environmental assessment</subfield>
  </datafield>
  <datafield tag="260" ind1=" " ind2=" ">
    <subfield code="a">Nagarlok: Quarterly Journal of Urban Affairs </subfield>
  </datafield>
  <datafield tag="300" ind1=" " ind2=" ">
    <subfield code="a">55(2), Jun, 2023: p.17-38</subfield>
  </datafield>
  <datafield tag="520" ind1=" " ind2=" ">
    <subfield code="a">Environmental policy is essential for addressing pressing environmental challenges and achieving sustainable development. In this context, Strategic Environmental Assessment (SEA) is a systematic process that analyses and addresses the environmental impacts of policies, plans, programmes and other strategic initiatives. It goes beyond project-level Environmental Impact Assessment (EIA) and considers the cumulative effects of multiple actions and decisions. The paper aims to explain SEA, including its definitions and interpretations. It highlights the importance of integrating environmental considerations with economic and social factors and emphasizes SEA's role in supporting sustainable development. It also highlights the growing recognition of the need to consider environmental factors in decision-making processes. In conclusion, it underscores the significance of SEA as a proactive intervention in strategic decision-making processes.</subfield>
  </datafield>
  <datafield tag="650" ind1=" " ind2=" ">
    <subfield code="a">Strategic environmental assessment, Environmental impact assessment, PPP (Programmes, Polices, and plans), Sustainable development.  </subfield>
    <subfield code="9">40993</subfield>
  </datafield>
  <datafield tag="773" ind1=" " ind2=" ">
    <subfield code="a">Nagarlok: Quarterly Journal of Urban Affairs </subfield>
  </datafield>
  <datafield tag="906" ind1=" " ind2=" ">
    <subfield code="a">SUSTAINABLE DEVELOPMENT</subfield>
  </datafield>
  <datafield tag="942" ind1=" " ind2=" ">
    <subfield code="c">AR</subfield>
  </datafield>
  <datafield tag="952" ind1=" " ind2=" ">
    <subfield code="0">0</subfield>
    <subfield code="1">0</subfield>
    <subfield code="2">ddc</subfield>
    <subfield code="4">0</subfield>
    <subfield code="7">0</subfield>
    <subfield code="9">398948</subfield>
    <subfield code="a">IIPA</subfield>
    <subfield code="b">IIPA</subfield>
    <subfield code="d">2023-10-13</subfield>
    <subfield code="h">55(2), Jun, 2023: p.17-38</subfield>
    <subfield code="p">AR129784</subfield>
    <subfield code="r">2023-10-13</subfield>
    <subfield code="y">AR</subfield>
  </datafield>
</record>
